000 00276nam a2200121 a 4500
008 101025s1985|||| d
245 1 0 _aExpert zo SicĂ­lie
100 1 _aLewis, Norman
044 _axo
_cSK
041 _aslo
260 _bPravda
_aBratislava
_c1985
020 _c30
999 _c12145
_d12145